Southville International School and Colleges
Your cart is empty.
  • Cart
  • Lists
    Public lists Eva Luna New books Lux_list list_1
    Your lists Log in to create your own lists
  • Log in to your account
  • Your cookies
  • Search history
Southville International School and Colleges
  • Advanced search
  • Recent comments
  • Most popular
  • Libraries

Log in to your account

Log in with GOOGLE


If you do not have an external account, but do have a local account, you can still log in:

  1. Home
  2. MARC view: Philippines top 2000 corporations /
Normal view MARC view ISBD view

Philippines top 2000 corporations / (Record no. 1713)

[ view plain ]
MARC details
000 -LEADER
fixed length control field 00469nam a22001697a 4500
003 - CONTROL NUMBER IDENTIFIER
control field OSt
005 - DATE AND TIME OF LATEST TRANSACTION
control field 20140310181714.0
008 - FIXED-LENGTH DATA ELEMENTS--GENERAL INFORMATION
fixed length control field 121214t xxu||||| |||| 00| 0 eng d
022 ## - INTERNATIONAL STANDARD SERIAL NUMBER
International Standard Serial Number 0117-8660
050 ## - LIBRARY OF CONGRESS CALL NUMBER
Classification number HD 2905.A2
Item number .P552 1997
082 ## - DEWEY DECIMAL CLASSIFICATION NUMBER
Classification number Fil 351.0076
Item number P 1997
245 ## - TITLE STATEMENT
Title Philippines top 2000 corporations /
260 ## - PUBLICATION, DISTRIBUTION, ETC. (IMPRINT)
Place of publication, distribution, etc Manila :
Name of publisher, distributor, etc Securities and Exchange Commission,
Date of publication, distribution, etc 1997.
300 ## - PHYSICAL DESCRIPTION
Extent 420 p. :
Other physical details col. ill. ;
Dimensions 28 cm.
942 ## - ADDED ENTRY ELEMENTS (KOHA)
Source of classification or shelving scheme Library of Congress Classification
Koha item type Books
Holdings
Withdrawn status Lost status Source of classification or shelving scheme Damaged status Home library Current library Shelving location Date acquired Total Checkouts Full call number Barcode Date last seen Copy number Price effective from Koha item type
    Library of Congress Classification   Luxembourg Library Luxembourg Library Filipiniana Section 12/14/2012   HD 2905.A2 .P552 1997 2309 08/13/2013 1 10/03/2013 Books

Philippines top 2000 corporations /

APA

(1997). Philippines top 2000 corporations. Manila: Securities and Exchange Commission.

Chicago

1997. Philippines top 2000 corporations. Manila: Securities and Exchange Commission.

Harvard

(1997). Philippines top 2000 corporations. Manila: Securities and Exchange Commission.

MLA

Philippines top 2000 corporations. Manila: Securities and Exchange Commission. 1997.

  • Place hold
  • Print
  • Cite
  • Add to your cart (remove)
  • Save record
    BIBTEX Dublin Core MARCXML MARC (non-Unicode/MARC-8) MARC (Unicode/UTF-8) MARC (Unicode/UTF-8, Standard) MODS (XML) RIS
  • More searches
    Search for this title in:
    Other Libraries (WorldCat) Other Databases (Google Scholar) Online Stores (Bookfinder.com) Open Library (openlibrary.org)

Exporting to Dublin Core...

SOUTHVILLE LIBRARY

Southville International School and Colleges Library

1281 Tropical Ave. Cor. Luxembourg St., BF Homes International, Las Pinas City

Tel. No. 8256374 / 252358 Loc. 117/146

Powered by Koha